Регионална библиотека "Любен Каравелов" - Русе

Основи на метрологичното осигуряване (Запис номер 159192)

MARC детайли
000 -Лидер
Контролно поле с фиксирана дължина 01575nam a2200349 c 4500
003 - Код на организацията, давaща контролен номер
Контролно поле BLK
005 - Дата и час на последна редакция
Контролно поле 20180422113631.0
008 - Елементи от данни с фиксирана дължина
fixed length control field 180410b bul|||||r ||||||| ||bul||
010 ## - Наследен системен номер
LC control number KNG00166261000
040 ## - Източник на каталожния запис
Идентификатор на билиотеката - собственик на записа BLK
041 ## - Код за език
Код за езика на текст/звукозапис или на отделно заглавие Български
Код за езика КДБФ Български
080 ## - УДК
Текстов определител УДК Метрология. Измерителни апарати (мерки и теглилки)
УДК код - определител по УДК 389
УДК определител
УДК - код + определител 389
100 1# - Редна дума - Автор
Автор Колев, Николай Петков
Авторска отговорност първи автор
R(LIN) 365447
139 ## - Редно поле
Редна дума Колев, Николай Петков и др.
Авторски знак Колев - К 78
245 10 - Сведения за заглавието
Заглавие Основи на метрологичното осигуряване
Подзаглавни данни Ръководство
Редно поле (дума) Николай Петков Колев; съавт. Пенчо Димитров Чаушев; съавт. Венцислав Гавраилов Гаврилов.
257 ## - Страна на издаване
Страна на създаване/издаване България
260 ## - Област на издателските данни
-- София
Име на издателя, разпространителя и проч. Техника
Година на издаване 1982
Печатница Враца : В. Александров
300 ## - Физическа характеристика
Страници 291 с.
Илюстрации и др. с табл., диагр.
Размери/Мащаб 20 см
380 ## - Жанр
Жанр Обществени науки
500 ## - Общи забележки
Забележка 2 085 тир. - Библиогр. с. 263-266.
650 #4 - Допълнително описание по предмет – тема
Основно описание – тема или топоним Измервания
9 (RLIN) 156495
650 #4 - Допълнително описание по предмет – тема
Основно описание – тема или топоним Метрология
9 (RLIN) 162085
653 ## - Ключова дума – ненормативна
Ключова дума метрология
653 ## - Ключова дума – ненормативна
Ключова дума ръководства
700 1# - Други автори (авторска отговорност)
Лично име Чаушев, Пенчо Димитров
Автороска отговорност (Описва отношението между автора и произведението) съавт.
9 (RLIN) 381534
700 1# - Други автори (авторска отговорност)
Лично име Гаврилов, Венцислав Гавраилов
Автороска отговорност (Описва отношението между автора и произведението) съавт.
9 (RLIN) 334396
852 ## - Местоположение
Форматна сигнатура Цб 112183
856 4# - Електронен адрес и достъп
Електронен формат pdf - файл
Път до файла /url/
856 4# - Електронен адрес и достъп
Електронен формат pdf - файл
Път до файла /url/
942 ## - АРТИКУЛИ
Вид на библиотечния материал Книги
Скрит в OPAC Не
944 ## - СЪЗДАВАНЕ И РЕДАКЦИЯ на ЗАПИСА
Създаване/Редакция Създаване
Дата на регистрацията/редакция 17.10.2014
Статус, дата на статуса 17.10.2014 - от С1,Р / 17.10.2014
Служител, извършил регистрацията/редакцията Кина_Георгиева
944 ## - СЪЗДАВАНЕ И РЕДАКЦИЯ на ЗАПИСА
Създаване/Редакция Редакция
Дата на регистрацията/редакция 17.10.2014
Статус, дата на статуса 17.10.2014 - от С1,Р / 17.10.2014
Служител, извършил регистрацията/редакцията
999 ## - СИСТЕМНИ КОНТРОЛНИ НОМЕРА
Koha biblionumber 159192
Koha biblioitemnumber 159192
Наличности
Код за отписване Код за изгубен артикул Източник на класификационната схема Код за повреда Коз за рестрикции Код за отдаване Артикулен № Име на библиотеката - собственик Име на библиотеката, в която се намира в момента Статус (Текущо местоположение) Дата на вписване в системата Местоположение - отдел Цена в лева Инвентарен номер Систематично азбучна сигнатура Баркод Номер на екземпляра Цена в евро Служебна бележка Служебен тип на артикула
  Не е изгубен Universal Decimal Classification Не е повреден без рестрикции ползва се в читалня 265970 Регионална библиотека "Любен Каравелов" Русе Регионална библиотека "Любен Каравелов" Русе Хранилище 1982-01-01 Хранилище 2.49 341846 Цб 112183 120000341846 1 1.27 N: стар фонд Дата: 01.01.1982 Книги
Изтеглен Не е изгубен Universal Decimal Classification Не е повреден без рестрикции заемане за дома 265971 Регионална библиотека "Любен Каравелов" Русе Регионална библиотека "Любен Каравелов" Русе Заемна - подръчен фонд 1982-01-01 Заемна - подръчен фонд 2.49 343230 П 389/К 78 343230 2 1.27 N: стар фонд Дата: 01.01.1982 Дата инв: 05.02.2018 Бележки инв: П2018 Книги
Изтеглен Не е изгубен Universal Decimal Classification Не е повреден без рестрикции заемане за дома 265972 Регионална библиотека "Любен Каравелов" Русе Регионална библиотека "Любен Каравелов" Русе Заемна - подръчен фонд 1982-01-01 Заемна - подръчен фонд 2.49 343229 П 389/К 78 343229 3 1.27 N: стар фонд Дата: 01.01.1982 Книги
Vip Innovations Ltd, Rousse, Bulgaria 2025